Healthy life expectancy - Statistics

General Stats
  • This quiz has been taken 22 times
  • The average score is 16 of 20
Answer Stats
P / EHY Country % Correct
2. / 74.8 Japan
100%
7. / 73.2 Italy
90%
9. / 73.0 Norway
90%
3. / 73.8 Spain
90%
16. / 72.4 Sweden
90%
7. / 73.2 Canada
85%
9. / 73.0 Iceland
85%
1. / 76.2 Singapore
85%
9. / 73.0 Australia
80%
16. / 72.4 Austria
80%
19. / 72.1 Netherlands
80%
14. / 72.8 New Zealand
80%
9. / 73.0 South Korea
80%
4. / 73.5 Switzerland
80%
5. / 73.4 France
75%
19. / 72.1 Ireland
75%
13. / 72.9 Israel
75%
15. / 72.6 Luxembourg
75%
18. / 72.2 Malta
70%
6. / 73.3 Cyprus
60%
No matching quizzes found
Score Distribution
Percent of People with Each Score
Percentile by Number Answered
Your Score History
You have not taken this quiz